| 000 | 00548nam a2200181Ia 4500 | ||
|---|---|---|---|
| 005 | 20250326124244.0 | ||
| 008 | 250326s9999 xx 000 0 und d | ||
| 037 | _aTextbook | ||
| 040 |
_aFMSL _beng _cFMSL |
||
| 041 |
_aeng _2eng |
||
| 084 |
_aX:51.7 L5 _qFMSL |
||
| 100 | _aI I F T | ||
| 245 | 0 |
_aMarket survey for select labour intensive engineering products in use _cI I F T |
|
| 260 |
_aNew Delhi _bNew Delhi, Indian Institute of Foreign Trade _c1975 |
||
| 300 | _a288p | ||
| 942 |
_cTB _hX:51.7 L5 |
||
| 999 |
_c1272959 _d1272959 |
||